000
00343nam a2200157Ia 4500
003
OSt
005
20240207093836.0
008
170524s9999 xx 000 0 und d
020
_a
978-9354600395
040
_c
IIMT UNIVERSITY
100
_a
Khan M Y
100
_c
2011
245
0
_a
MANAGEMENT ACCOUNTING
260
_a
TMH
942
_2
ddc
_c
01
999
_c
2630
_d
2630